000 00557nam a22001937a 4500
003 CEME
005 20210628205251.0
008 210204b xxu||||| |||| 00| 0 eng d
020 _a0-07-015765-0
040 _c.
082 _a621.3897 DAV
100 _aDavidson, Homer.L
_974669
245 _aTroubleshooting and repairing consumer electronics without a schematic
250 _a2ND
260 _aNEW YORK
_bMCGRAW HILL
_c1997
300 _aXIV,476P
650 _aELECTRONIC APPARATUS AND APPLIANCES- MAINTENANCE AND REPAIR
_974670
942 _cBK
_2ddc
999 _c580177
_d580177